| 000 | 00715nam a22002535i 4500 | ||
|---|---|---|---|
| 001 | 10713 | ||
| 003 | ES-MaACL | ||
| 005 | 20240510063015.0 | ||
| 007 | t| | ||
| 008 | 941108s1994 sp ||||0| spa j | ||
| 020 | _a8486351545 | ||
| 040 |
_aM-BN _bspa _cM-BN |
||
| 080 | _a860-14"19" | ||
| 100 | 1 |
_aPlanas Ferrer, Rosa. _992527 |
|
| 245 | 1 | 0 |
_aRegreso a Belvedere / _cRosa Planas Ferrer. |
| 250 | _a1ª ed. | ||
| 260 |
_aHumanes, Madrid : _bJuan Pastor, _c1994. |
||
| 300 |
_a49 p. ; _c20 cm. |
||
| 490 | 1 |
_aDevenir. Serie Poesía ; _v74 |
|
| 830 | 0 | 0 |
_aDevenir. _pSerie Poesía ; _v74 _9236243 |
| 852 |
_aES-MaACL _jP-1931 Nº 74 _bR.122983 _911006 |
||
| 942 | _2udc | ||
| 999 |
_c10713 _d10713 |
||